| 000 | 00949cam a2200301 i 4500 | ||
|---|---|---|---|
| 999 |
_c200441256 _d59468 |
||
| 003 | TR-AnTOB | ||
| 005 | 20220620110813.0 | ||
| 007 | ta | ||
| 008 | 751009s1975 fr a b i000 0 eng | ||
| 010 | _a75326348 | ||
| 020 | _a9264113320 : | ||
| 040 |
_aDLC _beng _erda _cDLC _dTR-AnTOB |
||
| 041 | 0 | _aeng | |
| 050 | 0 | 4 |
_aLB1570 _b.C46 1975 |
| 090 |
_aLB1570 _b.C46 1975 |
||
| 110 | 2 |
_aCentre for Educational Research and Innovation _926747 |
|
| 245 | 1 | 0 |
_aHandbook on curriculum development / _cCentre for Educational Research and Innovation. |
| 264 | 2 |
_aParis : _bOrganisation for Economic Co-operation and Development, _c1975. |
|
| 300 |
_a178 pages. : _billustrations ; _c24 cm |
||
| 336 |
_2rdacontent _atext _btxt |
||
| 337 |
_2rdamedia _aunmediated _bn |
||
| 338 |
_2rdacarrier _avolume _bnc |
||
| 504 | _aBIB | ||
| 650 | 0 |
_aCurriculum planning _vCase studies _94809 |
|
| 942 |
_2lcc _cBK |
||